A short history of Western ideology : (Record no. 751337)
[ view plain ]
| 000 -LEADER | |
|---|---|
| fixed length control field | 01923nam a22002057a 4500 |
| 020 ## - INTERNATIONAL STANDARD BOOK NUMBER | |
| ISBN | 9789393715388 |
| 082 00 - DEWEY DECIMAL CLASSIFICATION NUMBER | |
| Classification number | 909.098 21 PET/S |
| Edition number | 23 |
| 100 1# - MAIN ENTRY--AUTHOR NAME | |
| Personal name | Petri, Rolf, |
| 245 12 - TITLE STATEMENT | |
| Title | A short history of Western ideology : |
| Sub Title | a critical account / |
| Statement of responsibility, etc | by Rolf Petri. |
| 260 ## - PUBLICATION, DISTRIBUTION, ETC. (IMPRINT) | |
| Place of publication | . - New Delhi |
| Name of publisher | : Bloomsbury |
| Year of publication | , 2024 |
| 300 ## - PHYSICAL DESCRIPTION | |
| Number of Pages | 1 online resource. |
| 504 ## - BIBLIOGRAPHY, ETC. NOTE | |
| Bibliography, etc | Includes bibliographical references. |
| 505 0# - FORMATTED CONTENTS NOTE | |
| Formatted contents note | Europe and history -- Freedom and sovereignty -- Hierarchy among equals -- A craving for goodness -- Ecology and apocalypse. |
| 520 ## - SUMMARY, ETC. | |
| Summary, etc | "We are arguably living in a 'postideological' era. However, when we tune into the TV news we can hear political leaders talk about 'advanced' societies, geopolitical experts suggest 'humanitarian' interventions, and sober events presenters qualify a murder as 'barbaric'. What does this mean? In this comprehensive book, Rolf Petri reveals how our everyday political language is full of ideological representations of the world, and places them in an accessible historical narration. From the secularization of Europe and the Enlightenment project of 'civilization' to the contemporary preoccupation with ecological catastrophes or the end of history, A Short History of Western Ideology carves out the central elements of western ideology. It focuses on a wide variety of issues including religion, colonialism, race and gender, which are essential for how we conceive of the modern world. By creating an awareness of the ideological character of the western worldview, its limits and its flaws, this book warns us of the dangers that derive from a self-righteous mindset. It is stimulating and important reading for history and politics students seeking to understand the ideology of the western world"-- |
| 650 #0 - SUBJECT ADDED ENTRY--TOPICAL TERM | |
| Topical Term | Ideology. |
| 650 #0 - SUBJECT ADDED ENTRY--TOPICAL TERM | |
| Topical Term | Civilization, Western. |
| 650 #0 - SUBJECT ADDED ENTRY--TOPICAL TERM | |
| Topical Term | East and West. |
| 942 ## - ADDED ENTRY ELEMENTS (KOHA) | |
| Source of classification or shelving scheme | Dewey Decimal Classification |
| Koha item type | Book |
| Withdrawn status | Lost status | Source of classification or shelving scheme | Damaged status | Not for loan | Home Library | Current Location | Date acquired | Full call number | Accession Number | Price effective from | Koha item type |
|---|---|---|---|---|---|---|---|---|---|---|---|
| Dewey Decimal Classification | Dept. of Political Science | Dept. of Political Science | 01/03/2025 | 909.098 21 PET/S | POL23775 | 12/09/2025 | Book |
